000 00282nam a22001217a 4500
008 180807b xxu||||| |||| 00| 0 eng d
082 _a813.52
245 _aThe visual basic Ta for students
_cLIN.F
260 _c1995
300 _a1
_fFLOPY
440 _xKT3L27D3
942 _2ddc
_cMX
999 _c46933
_d46933